| 000 | 01355nam a22002651a 4500 | ||
|---|---|---|---|
| 999 |
_c11245 _d11245 |
||
| 001 | 11245 | ||
| 003 | OSt | ||
| 005 | 20260204212234.0 | ||
| 008 | 120120s2011||||dr ||||||b||||||||||spa|| | ||
| 090 | _aM-OR 2011 S15 | ||
| 100 | 1 |
_aSantos, Lucia Francisca _esustentante |
|
| 245 | 1 | _aEvaluación de la gestión del aprendizaje en los centros educativos del nivel medio modalidad general, zona urbana en el distrito educativo 16-01, Cotuí, provincia Sánchez Ramírez, año 2011 / Lucia Francisca Santos, Delfina Bautista Mendoza y Yulisa Morel. ; asesor Melania Mirambeaux Cassó | |
| 260 |
_aCotuí, República Dominicana : _bUTECO, _c2011 |
||
| 300 |
_a 112 hojas : _bIlustraciones ; _c28cm. |
||
| 502 | _aTrabajo de grado (Licenciatura en Educación, Mención Orientación Escolar)--Universidad Tecnológica del Cibao Oriental, 2011 | ||
| 504 | _aIncluye referencia bibliográfica e índice | ||
| 650 | 4 | _aEvaluación de la gestión del aprendizaje en los centros educativos | |
| 700 | 1 |
_a Bautista Mendoza, Delfina _esustentante |
|
| 700 | 1 |
_a Morel, Yulisa _esustentante |
|
| 700 | 1 |
_a Francisco Cuevas, Johanna _esustentante |
|
| 700 | 1 |
_a Vásquez Peña, Elersida _esustentante |
|
| 700 | 1 |
_a Mirambeaux Cassó, Melania _easesor |
|
| 830 | _aTesis y disertaciones académicas (Universidad Tecnológica del Cibao Oriental) | ||
| 942 |
_2LC _cTH |
||